Recurrent lumbar disc herniationas a cause offailed back surgery syndrome / (رقم التسجيلة. 10003)

تفاصيل مارك
000 -LEADER
fixed length control field 019680000a22003370004500
003 - CONTROL NUMBER IDENTIFIER
control field EG-GICUC
005 - DATE AND TIME OF LATEST TRANSACTION
control field 20250223025312.0
008 - FIXED-LENGTH DATA ELEMENTS--GENERAL INFORMATION
fixed length control field 060917s2005 ua a f m 000 0 eng d
040 ## - CATALOGING SOURCE
Original cataloging agency EG-GICUC
Language of cataloging eng
Transcribing agency EG-GICUC
041 0# - LANGUAGE CODE
Language code of text/sound track or separate title Eng
049 ## - LOCAL HOLDINGS (OCLC)
Holding library Deposite
097 ## - Thesis Degree
Thesis Level M.Sc
099 ## - LOCAL FREE-TEXT CALL NUMBER (OCLC)
Classification number Cai01.11.14.M.Sc.2005.Wa.R.
100 0# - MAIN ENTRY--PERSONAL NAME
Personal name Waeel Ossama Hamouda
245 10 - TITLE STATEMENT
Title Recurrent lumbar disc herniationas a cause offailed back surgery syndrome /
Statement of responsibility, etc. Waeel Ossama Hamouda ; supervised Ahmad Sherief Karim , Abd El Alim Ragab , Khaled Samir Anbar
246 15 - VARYING FORM OF TITLE
Title proper/short title الانزلاق الغضروفى المتكرر بالفقرات القطنية كمسبب لمتلازمة فشل جراحة الظهر
260 ## - PUBLICATION, DISTRIBUTION, ETC.
Place of publication, distribution, etc. Cairo :
Name of publisher, distributor, etc. Waeel Ossama Hamouda ,
Date of publication, distribution, etc. 2005
300 ## - PHYSICAL DESCRIPTION
Extent 90P :
Other physical details ill ;
Dimensions 25cm
502 ## - DISSERTATION NOTE
Dissertation note Thesis (M.Sc.) - Cairo University - Faculty Of Medicine - Department Of General Surgery
520 ## - SUMMARY, ETC.
Summary, etc. By the end of this study , some cannot - miss findings may prove to be of clinical importance in practicing neurosurgery ; The study showed that the symptoms and signs of patients with recurrent disc herniation were not different from those with a primary disc herniationMainly sciatica , low back pain and back tendernessLength of the time interval for beginning of sciatica after the initial operation correlated well with outcomePatients whose symptoms recurred later (after one year) seemed to have better outcomesWe found that the duration of the present attack of sciatica and sick leave before surgery was significantly longer in the group with an unsatisfactory
530 ## - ADDITIONAL PHYSICAL FORM AVAILABLE NOTE
Additional physical form available note Issued also as CD
653 #4 - INDEX TERM--UNCONTROLLED
Uncontrolled term Failed back surgery syndrome
653 #4 - INDEX TERM--UNCONTROLLED
Uncontrolled term Lumbar disc hernia
700 0# - ADDED ENTRY--PERSONAL NAME
Personal name Abdel Alim Ragab ,
Relator term
700 0# - ADDED ENTRY--PERSONAL NAME
Personal name Ahmad Sherief Karim ,
Relator term
700 0# - ADDED ENTRY--PERSONAL NAME
Personal name Khaled Samir Anbar ,
Relator term
856 ## - ELECTRONIC LOCATION AND ACCESS
Uniform Resource Identifier <a href="http://172.23.153.220/th.pdf">http://172.23.153.220/th.pdf</a>
905 ## - LOCAL DATA ELEMENT E, LDE (RLIN)
Cataloger Enas
Reviser Cataloger
905 ## - LOCAL DATA ELEMENT E, LDE (RLIN)
Cataloger Mustafa
Reviser Revisor
942 ## - ADDED ENTRY ELEMENTS (KOHA)
Source of classification or shelving scheme Dewey Decimal Classification
Koha item type Thesis
المقتنيات
Source of classification or shelving scheme Not for loan Home library Current library Date acquired Full call number Barcode Date last seen Koha item type Copy number
Dewey Decimal Classification   المكتبة المركزبة الجديدة - جامعة القاهرة قاعة الرسائل الجامعية - الدور الاول 11.02.2024 Cai01.11.14.M.Sc.2005.Wa.R. 01010110045690000 22.09.2023 Thesis  
Dewey Decimal Classification   المكتبة المركزبة الجديدة - جامعة القاهرة مخـــزن الرســائل الجـــامعية - البدروم 11.02.2024 Cai01.11.14.M.Sc.2005.Wa.R. 01020110045690000 22.09.2023 CD - Rom 45690.CD
Cairo University Libraries Portal Implemented & Customized by: Eng. M. Mohamady Contacts: new-lib@cl.cu.edu.eg | cnul@cl.cu.edu.eg
CUCL logo CNUL logo
© All rights reserved — Cairo University Libraries
CUCL logo
Implemented & Customized by: Eng. M. Mohamady Contact: new-lib@cl.cu.edu.eg © All rights reserved — New Central Library
CNUL logo
Implemented & Customized by: Eng. M. Mohamady Contact: cnul@cl.cu.edu.eg © All rights reserved — Cairo National University Library